Nitrogen and Weed Management Studies in Upland Direct-Seeded Rainfed Rice / (Record no. 50376)
[ view plain ]
| 000 -LEADER | |
|---|---|
| fixed length control field | 00592nam a22002057a 4500 |
| 003 - CONTROL NUMBER IDENTIFIER | |
| control field | OSt |
| 008 - FIXED-LENGTH DATA ELEMENTS--GENERAL INFORMATION | |
| fixed length control field | 260504b |||||||| |||| 00| 0 eng d |
| 082 ## - DEWEY DECIMAL CLASSIFICATION NUMBER | |
| Classification number | 633.18 |
| Item number | S33N |
| 100 ## - MAIN ENTRY--PERSONAL NAME | |
| Personal name | Sharma, Rajendra Prasad. |
| 245 ## - TITLE STATEMENT | |
| Title | Nitrogen and Weed Management Studies in Upland Direct-Seeded Rainfed Rice / |
| Statement of responsibility, etc. | by Rajendra Prasad Sharma |
| 260 ## - PUBLICATION, DISTRIBUTION, ETC. (IMPRINT) | |
| Place of publication, distribution, etc | .- Sabour, Bhagalpur |
| Name of publisher, distributor, etc | : Bihar Agricultural College, RAU |
| Date of publication, distribution, etc | , 1990 |
| 300 ## - PHYSICAL DESCRIPTION | |
| Extent | 227p. |
| 502 ## - DISSERTATION NOTE | |
| Degree type | Ph. D. |
| Year degree granted | 1990 |
| 650 ## - SUBJECT ADDED ENTRY--TOPICAL TERM | |
| Topical term or geographic name as entry element | Agronomy |
| 650 ## - SUBJECT ADDED ENTRY--TOPICAL TERM | |
| Topical term or geographic name as entry element | Weed Management |
| 650 ## - SUBJECT ADDED ENTRY--TOPICAL TERM | |
| Topical term or geographic name as entry element | Rice |
| 650 ## - SUBJECT ADDED ENTRY--TOPICAL TERM | |
| Topical term or geographic name as entry element | Thesis |
| 650 ## - SUBJECT ADDED ENTRY--TOPICAL TERM | |
| Topical term or geographic name as entry element | Ph. D. |
| 942 ## - ADDED ENTRY ELEMENTS (KOHA) | |
| Source of classification or shelving scheme | |
| Koha item type | Thesis |
| Withdrawn status | Lost status | Source of classification or shelving scheme | Damaged status | Not for loan | Home library | Current library | Date acquired | Cost, normal purchase price | Total Checkouts | Full call number | Barcode | Date last seen | Bill Date | Koha item type | Bill Number |
|---|---|---|---|---|---|---|---|---|---|---|---|---|---|---|---|
| Dr. Rajendra Prasad Central Agricultural University Pusa, | Dr. Rajendra Prasad Central Agricultural University Pusa, | 04/05/2026 | 0.00 | 633.18 S33N | 43035 | 04/05/2026 | 04/05/2026 | Thesis | Gift |